000 00572nam a2200181Ia 4500
008 240729s9999 xx 000 0 und d
022 _a2032-6653
245 0 _aWorld Electric Vehicle Journal
260 _aSwitzerland
260 _bMDPI AG
650 _a Electrical engineering. Electronics. Nuclear engineering | Technology
650 _a Engineering (General). Civil engineering (General)
650 _a Transportation engineering
650 _aTechnology
856 _uhttps://doaj.org/toc/45915695c0f74d4c9c8b76dec13e5945
942 _2ddc
942 _cDOAJEJ
999 _c67852
_d67852
945 _a1
_bMadushi Gamage
_c1
_dMadushi Gamage